| 000 | 00429nam a2200181Ia 4500 | ||
|---|---|---|---|
| 008 | 220531s9999 xx 000 0 und d | ||
| 041 | _aeng | ||
| 082 | _bTHE / GHO | ||
| 100 |
_aGhosh,Amitav _974710 |
||
| 245 | _aThe Shadow Lines | ||
| 250 | _a2ND | ||
| 260 |
_aPune _bPenguin _c1988 |
||
| 300 | _a277 | ||
| 542 | _d18-01-2019 | ||
| 650 |
_aEnglish _974711 |
||
| 906 |
_cB.A. _d2018-2019 _f16210 |
||
| 999 |
_c41584 _d41584 |
||